000 00477nam a2200145 a 4500
008 120416s1969 ||||||||||||||||| || u
050 _aTH 7703 Ste
100 _aStevens, W. R
245 1 0 _aBuilding physics
246 _alighting
260 _aOxford
_bPergamon
_c1969
300 _aviii, 235p. : ill.
350 _a0.00
995 _D0.00
_FCBU-MAIN LIBRARY (Kitwe)
_H1
_I2.50
_UAVAILABLE
_ZAnnex Low-Usage Collection
999 _c36294
_d36294